LEADER 00864nam a2200193 i 4500 001 000000033751 003 CaOOAMICUS 005 20180830125450.0 008 180830s1836 ne u000 u und u 040 $aSeMil$bita 100 1 $aCapefigue, Jean Baptiste Honoré Raymond,$d<1801-1872>.$0(OLS)http://semarc/name/89258 245 14$aLes gouvernement de juillet, les partis et les hommes politiques :$b1830 ŕ 1835 /$cpar Capefigue. 260 $aBruxelles :$bLouis Hauman & C.,$c1836. 300 $a2 v. ;$c17 cm. 650 4$aFrancia - Storia - 1830-1835.$0(OLS)http://semarc/subject/44902 774 0 $tTome 1.$g1$w()254480 774 0 $tTome 2.$g2$w()254481 996 $6245$aLes gouvernement de juillet, les partis et les hommes politiques :$b1830 ŕ 1835$9(OLS)http://semarc/title/402248 996 $6260$aBruxelles :$bLouis Hauman & C.$9(OLS)http://semarc/publisher/36922 LEADER 01000nam a2200217 i 4500 001 000000202998 003 CaOOAMICUS 005 20110610000000.0 008 110610n it u000 u ita u 013 $a181710 040 $aSeMil$bita 245 10$aInsegnamenti di S. Carlo per il mondo d'oggi /$cEnrico Cattaneo ; raccolta di studi per la conoscenza della vita e dell'opera di S. Carlo a cura del Collegio De Filippi, Colle San Carlo, Arona. 260 $a[S.l. :$bs.n.],$c[1976] 300 $a14 p. ;$c21 cm. 650 4$aBorromeo, Carlo - Insegnamenti.$0(OLS)http://semarc/subject/35393 700 1 $aCollegio De Filippi .$0(OLS)http://semarc/name/72307 850 $aSeMil 852 $aSeMil$W1$xVenegono$y1$m5D VIII 26/13$j153494$B153494$CSeMilBibl$Z2$F164427 $81 961 $aOmaggio: Altro 996 $6245$aInsegnamenti di S. Carlo per il mondo d'oggi$9(OLS)http://semarc/title/293852 996 $6260$a[S.l. :$bs.n.]$9(OLS)http://semarc/publisher/29751